History Quiz

Random History or Famous Quiz

Historical Figures per Country Quiz Stats

Quiz Updated May 15, 2013

Also try: Assassinations
Challenge
Share
Tweet
Score 0/12 Timer 05:00
0 Plays Today
% Correct
Benjamin Franklin
93.7%
Shi Huangdi
85.3%
Guy Fawkes
83.5%
Tutankhamun
82.6%
Peter the Great
82.1%
Plato
78.6%
Victor Hugo
77.8%
Miguel de Cervantes
77.3%
Marco Polo
73.7%
Anders Celsius
44%
Erwin Schrödinger
36.6%
Anne Frank
34.1%

You're not logged in!

Compare scores with friends on all Sporcle quizzes.
Sign Up with Email
OR
Log In

You Might Also Like...

Show Comments

Extras

Top Quizzes Today


Score Distribution

Your Account Isn't Verified!

In order to create a playlist on Sporcle, you need to verify the email address you used during registration. Go to your Sporcle Settings to finish the process.